Регионална библиотека "Любен Каравелов" - Русе

Енциклопедия Магика (Запис номер 103298)

MARC детайли
000 -Лидер
Контролно поле с фиксирана дължина 01257nam a2200301 c 4500
003 - Код на организацията, давaща контролен номер
Контролно поле BLK
005 - Дата и час на последна редакция
Контролно поле 20180420230222.0
008 - Елементи от данни с фиксирана дължина
fixed length control field 180409b bul|||||r ||||||| ||bul||
010 ## - Наследен системен номер
LC control number KNG00108372000
040 ## - Източник на каталожния запис
Идентификатор на билиотеката - собственик на записа BLK
041 ## - Код за език
Код за езика на текст/звукозапис или на отделно заглавие Български
Код за езика КДБФ Български
080 ## - УДК
Текстов определител УДК Парапсихология. Нумерология. - Халюцинации, пророчества, предсказания, магии, демонология, телепатия, спиритизъм, илюзии, нумерология, мошеничество. Вж и 133 ; 398.4 ; 615.851
УДК код - определител по УДК 159.961
УДК определител (035)
УДК - код + определител 159.961(035)
100 1# - Редна дума - Автор
Автор Вакуленко, Елена
Авторска отговорност първи автор
R(LIN) 45126
139 ## - Редно поле
Редна дума Вакуленко, Елена
Авторски знак Вак - В 17
245 10 - Сведения за заглавието
Заглавие Енциклопедия Магика
Подзаглавни данни Т. 1 -
Редно поле (дума) Елена Вакуленко.
Том Т. 2
257 ## - Страна на издаване
Страна на създаване/издаване България
260 ## - Област на издателските данни
-- София
Име на издателя, разпространителя и проч. Епсилон
Година на издаване 1998 -
Печатница За том: София : Вулкан 4
300 ## - Физическа характеристика
Размери/Мащаб 20 см
380 ## - Жанр
Жанр Философия
650 #4 - Допълнително описание по предмет – тема
Основно описание – тема или топоним Магии
9 (RLIN) 160892
653 ## - Ключова дума – ненормативна
Ключова дума магии
760 1# - Описание на основната серия
Редна дума на основното описание Вакуленко, Елена
Място на издаване, издател и година 2002
Страници - том 320 с. : с табл.
Заглавие Т. 2
852 ## - Местоположение
Форматна сигнатура Цб 195889
856 4# - Електронен адрес и достъп
Електронен формат pdf - файл
Път до файла /url/
856 4# - Електронен адрес и достъп
Електронен формат pdf - файл
Път до файла /url/
942 ## - АРТИКУЛИ
Вид на библиотечния материал Книги
Скрит в OPAC Не
944 ## - СЪЗДАВАНЕ И РЕДАКЦИЯ на ЗАПИСА
Създаване/Редакция Създаване
Дата на регистрацията/редакция 17.10.2003
Служител, извършил регистрацията/редакцията Кети_Илиева
944 ## - СЪЗДАВАНЕ И РЕДАКЦИЯ на ЗАПИСА
Създаване/Редакция Редакция
Дата на регистрацията/редакция 24.06.2010
Служител, извършил регистрацията/редакцията
999 ## - СИСТЕМНИ КОНТРОЛНИ НОМЕРА
Koha biblionumber 103298
Koha biblioitemnumber 103298
Наличности
Код за отписване Код за изгубен артикул Код за повреда Коз за рестрикции Код за отдаване Артикулен № Име на библиотеката - собственик Име на библиотеката, в която се намира в момента Статус (Текущо местоположение) Дата на вписване в системата Местоположение - отдел Цена в лева Инвентарен номер Систематично азбучна сигнатура Баркод Номер на екземпляра Цена в евро Служебна бележка Служебен тип на артикула
  Не е изгубен Не е повреден без рестрикции ползва се в читалня 166694 Регионална библиотека "Любен Каравелов" Русе Регионална библиотека "Любен Каравелов" Русе Читалня 2003-10-17 Читалня 10.00 120000679172 Ч 159.9/В 17 120000679172 1 5.11 Дост: Pk Вид: Ф N: 17531 Дата: 16.10.2003 Дата инв: 21.03.2017 Бележки инв: Ч2017 Книги
Vip Innovations Ltd, Rousse, Bulgaria 2025